Rural housing : (Record no. 3037)
[ view plain ]
| 000 -LEADER | |
|---|---|
| fixed length control field | 00940cam a2200277 4500 |
| 001 - CONTROL NUMBER | |
| control field | 3037 |
| 003 - CONTROL NUMBER IDENTIFIER | |
| rucl marc code | BD-RjUL |
| 005 - DATE AND TIME OF LATEST TRANSACTION | |
| control field | 20211208233649.0 |
| 008 - FIXED-LENGTH DATA ELEMENTS--GENERAL INFORMATION | |
| fixed length control field | 131218s1969 nyuae bs 000 0 eng d |
| 035 ## - SYSTEM CONTROL NUMBER | |
| System control number | (BD-RjUL)3071 |
| 040 ## - CATALOGING SOURCE | |
| Original cataloging agency | DLC |
| Transcribing agency | DLC |
| Modifying agency | DLC |
| -- | BD-RjUL |
| Language of cataloging | eng |
| 041 ## - LANGUAGE CODE | |
| Language code of text/sound track or separate title | eng |
| 082 00 - DEWEY DECIMAL CLASSIFICATION NUMBER | |
| Classification number | 301.54 |
| Author mark and year | RUR 1969 |
| 110 2# - MAIN ENTRY--CORPORATE NAME | |
| Corporate name or jurisdiction name as entry element | United Nations. |
| Subordinate unit | Department of Economic and Social Affairs. |
| 9 (RLIN) | 132493 |
| 245 10 - TITLE STATEMENT | |
| Title | Rural housing : |
| Remainder of title | a review of world conditions / |
| Statement of responsibility, etc. | United Nations. Department of Economic and Social Affairs |
| 260 ## - PUBLICATION, DISTRIBUTION, ETC. (IMPRINT) | |
| Place of publication, distribution, etc. | New York : |
| Name of publisher, distributor, etc. | United Nations, |
| Date of publication, distribution, etc. | 1969. |
| 300 ## - PHYSICAL DESCRIPTION | |
| Pagination | vi, 186 p. : |
| Illustrations | illus., plan. |
| Size | 28 cm. |
| 350 ## - PRICE (NR) (BK AM CF MU VM SE) [OBSOLETE] | |
| Price | 3.00 |
| 410 20 - SERIES STATEMENT/ADDED ENTRY--CORPORATE NAME [OBSOLETE, CAN/MARC], [LOCAL, USA] | |
| Corporate name or jurisdiction name as entry element | United Nations. |
| Title of a work | [Document] |
| Volume number/sequential designation | ST/SOA/87 |
| 500 ## - GENERAL NOTE | |
| General note | "United Nations publication. Sales no.: E.69.IV.8." |
| 504 ## - BIBLIOGRAPHY, ETC. NOTE | |
| Bibliography, etc | Includes bibliographical references. |
| 650 #0 - SUBJECT ADDED ENTRY--TOPICAL TERM | |
| Topical term or geographic name as entry element | Housing, Rural. |
| 9 (RLIN) | 9657 |
| Topical term or geographic name as entry element | Rural conditions. |
| 9 (RLIN) | 133737 |
| 942 ## - ADDED ENTRY ELEMENTS (KOHA) | |
| Source of classification or shelving scheme | Dewey Decimal Classification |
| Koha item type | Books |
| Lost status | Source of classification or shelving scheme | Damaged status | Not for loan | Collection code | Permanent Location | Current Location | Shelving location | Date acquired | Source of acquisition | Cost, normal purchase price | Total Checkouts | Full call number | Date last seen | Copy number | Koha item type |
|---|---|---|---|---|---|---|---|---|---|---|---|---|---|---|---|
| Dewey Decimal Classification | Non-fiction | Central Library, University of Rajshahi | Central Library, University of Rajshahi | 26/09/1974 | Gono Prakashani, Dhaka | 48.00 | 301.54 RUR 1969 | 18/12/2013 | C-3 | Books | |||||
| Dewey Decimal Classification | Non-fiction | Central Library, University of Rajshahi | Central Library, University of Rajshahi | 26/09/1974 | Gono Prakashahi, dacca | 48.00 | 301.54 RUR 1969 | 22/06/2016 | C-2 | Books | |||||
| Dewey Decimal Classification | Non-fiction | Central Library, University of Rajshahi | Central Library, University of Rajshahi | 26/09/1974 | Gono Prakashahi, dacca | 48.00 | 301.54 RUR 1969 | 22/06/2016 | C-4 | Books | |||||
| Dewey Decimal Classification | Non-fiction | Central Library, University of Rajshahi | Central Library, University of Rajshahi | 26/09/1974 | Gono Prakashahi, dacca | 48.00 | 301.54 RUR 1969 | 22/06/2016 | C-5 | Books | |||||
| Dewey Decimal Classification | Non-fiction | Central Library, University of Rajshahi | Central Library, University of Rajshahi | 26/09/1974 | Gono Prakashahi, dacca | 48.00 | 301.54 RUR 1969 | 22/06/2016 | C-6 | Books | |||||
| Dewey Decimal Classification | Non-fiction | Central Library, University of Rajshahi | Central Library, University of Rajshahi | 26/09/1974 | Gono Prakashahi, dacca | 48.00 | 301.54 RUR 1969 | 22/06/2016 | C-7 | Books | |||||
| Dewey Decimal Classification | Non-fiction | Central Library, University of Rajshahi | Central Library, University of Rajshahi | 26/09/1974 | Gono Prakashahi, dacca | 48.00 | 301.54 RUR 1969 | 22/06/2016 | C-8 | Books | |||||
| Dewey Decimal Classification | Non-fiction | Central Library, University of Rajshahi | Central Library, University of Rajshahi | 26/09/1974 | Gono Prakashahi, dacca | 48.00 | 301.54 RUR 1969 | 22/06/2016 | C-9 | Books | |||||
| Dewey Decimal Classification | Non-fiction | Central Library, University of Rajshahi | Central Library, University of Rajshahi | 26/09/1974 | Gono Prakashahi, dacca | 48.00 | 301.54 RUR 1969 | 22/06/2016 | C-10 | Books | |||||
| Dewey Decimal Classification | Not For Loan | Non-fiction | Central Library, University of Rajshahi | Central Library, University of Rajshahi | Reading Room | 26/09/1974 | Gono Prakashahi, dacca | 48.00 | 301.54 RUR 1969 | 22/06/2016 | C-1 | Books |